000 00376nam a2200145Ia 4500
008 210716s1981 xx 000 0 und d
020 _a931988616
041 _aeng
082 _a005.362C OSBA
100 _aOsborne, Adam;Eubanks, Gordon;Mcniff, Martin.
245 _aCbasic user guide.
260 _aCalifornia
_bMc Graw Hill
_c1981
300 _aviii,215
650 _aNone
999 _c181283
_d181283